Migranti v Českej republike
Postavenie cudzincov v Českej republike. Štatistické údaje o počte imigrantov. Charakteristika a rozdiely medzi najpočetnejšími komunitami cudzincov v Českej republike. Výsledky posledného prieskumu verejnej mienky o postoji občanov Českej republike k imigrantom. Koncepcia vlády v oblasti migrácie...
Saved in:
| Main Author: | |
|---|---|
| Format: | Book Chapter |
| Language: | Slovak |
| Subjects: | |
| Tags: |
No Tags, Be the first to tag this record!
|
MARC
| LEADER | 00000naa a2200000 4500 | ||
|---|---|---|---|
| 001 | 0121061 | ||
| 005 | 20240502072357.2 | ||
| 041 | 0 | |a slo | |
| 044 | |a SK | ||
| 245 | 1 | 0 | |a Migranti v Českej republike |c Ľubomír Billý |
| 520 | |a Postavenie cudzincov v Českej republike. Štatistické údaje o počte imigrantov. Charakteristika a rozdiely medzi najpočetnejšími komunitami cudzincov v Českej republike. Výsledky posledného prieskumu verejnej mienky o postoji občanov Českej republike k imigrantom. Koncepcia vlády v oblasti migrácie. Aktuálne projekty a problémy migrácie v Českej republike. | ||
| 610 | 2 | 0 | |a migrácia |
| 610 | 2 | 0 | |a pohyb síl pracovných medzinárodný |
| 610 | 2 | 0 | |a Česko |
| 610 | 2 | 0 | |a cudzinci |
| 610 | 2 | 0 | |a vláda |
| 610 | 2 | 0 | |a imigrácia |
| 100 | 1 | |a Billý, Ľubomír | |